000 00403nam a22001577a 4500
003 MPLRDC
005 20220104194503.0
008 210129b ||||| |||| 00| 0 eng d
082 _aDISC
100 _a简文仁
245 _a就一招,酸痛立消--1 DISC
_c
250 _a第一版
260 _a台湾
_b天下杂志股份有限公司
_c2014
650 _a运动与健康
942 _cCDA
_oDISC
999 _c65703
_d65693